| 000 | 00570nam a2200193Ia 4500 | ||
|---|---|---|---|
| 003 | LDD | ||
| 008 | 181029s9999 xx 000 0 und d | ||
| 020 |
_a9780826490971 _cP 14.99 |
||
| 040 | _cLDD | ||
| 100 | _aFox, Nik Farrell | ||
| 245 | 0 |
_aNew sartre _bexplorations in postmodernism _cNik Farrell Fox |
|
| 260 |
_aNew York _bContinuum _c2006 |
||
| 300 | _aix, 195p. | ||
| 365 | _bP 14.99 | ||
| 901 |
_a12349 _b13-03-2015 |
||
| 902 |
_aIN/2014-15/1388 _b13-03-2015 _cF _dSELECT _e0 |
||
| 903 |
_aDiscount-50 _bReqst by : Anju SahgalGupta |
||
| 942 |
_2ddc _cBK |
||
| 999 |
_c113831 _d113831 |
||